| 000 | 00000ngm 2200000za 4500 |
| 001 | 9.845462 |
| 003 | CaOODSP |
| 005 | 20240405084958 |
| 006 | m o c f |
| 007 | cr cna|||a|||| |
| 008 | 171012s2016 onc019 fo vleng d |
| 040 | |aCaOODSP|beng |
| 043 | |an-cn--- |
| 086 | 1 |aRv4-95/2016E-MP4 |
| 245 | 00|aGifts, awards, and long service awards |h[electronic resource] / |cCanada Revenue Agency. |
| 260 | |a[Ottawa] : |bCanada Revenue Agency, |c2016. |
| 300 | |a1 streaming video (19 min., 28 sec.) : |bsd., col. |
| 500 | |aIssued also in French under title: Cadeaux, récompenses et prix pour les années de service. |
| 500 | |aTitle from title screen. |
| 500 | |a"September 2016." |
| 520 | |a"This webinar is about gifts, awards, and long service awards. It provides information on how to apply the gifts and awards policy, and the long-service awards"--Provided by publisher. |
| 538 | |aSystem requirements: Windows Media Player. |
| 538 | |aMode of access: World Wide Web. |
| 692 | 07|2gccst|aBusinesses |
| 692 | 07|2gccst|aWorkers |
| 692 | 07|2gccst|aDonations |
| 692 | 07|2gccst|aTaxes |
| 710 | 2 |aCanada Revenue Agency. |
| 775 | 08|tCadeaux, récompenses et prix pour les années de service |w(CaOODSP)9.845466 |
| 856 | 40|qMP4|s68.39 MB|uhttps://publications.gc.ca/collections/collection_2017/arc-cra/Rv4-95-2016-eng.mp4 |